Statistics for Biggest Cities in the Guianas with a Map

Click here to take the quiz!

General Stats

  • This quiz has been taken 50 times
  • The average score is 5 of 20

Answers on the Map

Answers color-coded by a green-red scale on the quiz's map according to % correct below.
Loading ...
 

Answer Stats

RegionPopulationCity% Correct
Suriname238919Paramaribo
98%
Guyana104175Georgetown
98%
French Guiana61268Cayenne
84%
Guayana (VE)893400Ciudad Guayana
38%
Guayana (VE)425000Ciudad Bolívar
36%
Amapá (BR)503327Macapá
36%
Amapá (BR)121364Santana
16%
French Guiana42612Saint-Laurent-du-Maroni
13%
Guyana28127Linden
13%
Guayana (VE)105600Tucupita
13%
Guayana (VE)95600Upata
11%
Amapá (BR)50410Laranjal do Jari
11%
Amapá (BR)27270Oiapoque
9%
Guayana (VE)116300Puerto Ayacucho
9%
French Guiana31956Matoury
7%
Guayana (VE)35700Tumeremo
4%
Guyana43002Golden Grove
2%
Suriname47522Koewarasan
2%
Suriname33849De Nieuwe Grond
2%
Guayana (VE)50600Caicara del Orinoco
0%

Score Distribution

Percentile by Number Answered

Percent of People with Each Score

Your Score History

You have not taken this quiz